• 首页
  • 本馆介绍
  • 公告通知
  • 最新文献
  • 馆藏检索
  • 电子资源
  • 读者导购
  • 参考咨询
  • 我的图书馆
  • 登录
  • 详细信息显示
  • 放入我的书架
  • 预约/预借图书
  • 作者相关作品
  • 分类相关作品
  • 丛书相关作品
  • 出版社相关作品

书目信息

  • 表格格式
  • 工作单格式
  • 卡片格式
题名:
多组分混合物中的质量传递
    
 
作者: 卫斯里荷 , 克里斯纳 著 ;刘辉 译
分册:  
出版信息: 北京   化学工业出版社  2007
页数: 284页
开本: 24cm
丛书名:
单 册:
中图分类: TQ021.4
科图分类:
主题词: 多组分体系--传质 , 多组分体系 , 传质
电子资源:
ISBN: 978-7-5025-8760-4
000 01217nam0 2200325 450
001 003383109
005 20080303094922.29
010    @a978-7-5025-8760-4@dCNY36.00
035    @a003383109
100    @a20070104d2007 em y0chiy0110 ea
101 1  @achi@ceng
102    @aCN@b110000
105    @aa z 001yy
106    @ar
200 1  @a多组分混合物中的质量传递@Aduo zu fen hun he wu zhong de zhi liang chuan di@dMass transfer in multicomponent mixtures@f(荷)J. A. 卫斯里荷(J. A. Wesselingh),(荷)R. 克里斯纳(R. Krishna)著@g刘辉译@zeng
210    @a北京@c化学工业出版社@d2007
215    @a284页@c图@d24cm@e1光盘
305    @aVSSD授权出版
307    @a附光盘:ISBN 7-900163-97-2
330    @a本书内容涵盖常规的以及现代的设备和工艺、包括催化过程和膜过程。全书分为气体和液体的传质、固体基体中的传质两部分。
510 1  @aMass transfer in multicomponent mixtures@zeng
606 0  @a多组分体系@x传质
606 0  @a多组分体系
606 0  @a传质
690    @aTQ021.4@v4
701  0 @c(荷)@a卫斯里荷@Awei si li he@c(Wesselingh, J. A.@f1937~)@4著
701  0 @c(荷)@a克里斯纳@Ake li si na@c(Krishna, R.)@4著
702  0 @a刘辉@Aliu hui@c(翻译)@4译
801  0 @aCN@bNLC@c20080303
905    @dTQ021.4@e178@f4
    
    多组分混合物中的质量传递=Mass transfer in multicomponent mixtures/(荷)J. A. 卫斯里荷(J. A. Wesselingh),(荷)R. 克里斯纳(R. Krishna)著/刘辉译.-北京:化学工业出版社,2007
    284页:图;24cm+1光盘
    
    
    ISBN 978-7-5025-8760-4:CNY36.00
    本书内容涵盖常规的以及现代的设备和工艺、包括催化过程和膜过程。全书分为气体和液体的传质、固体基体中的传质两部分。
●
相关链接 在E读中查询图书 在五车中查询图书 在当当中查询图书 在豆瓣中查询图书


正题名:多组分混合物中的质量传递     索取号:TQ021.4/178         预约/预借

序号 登录号 条形码 馆藏地/架位号 状态 备注
1 0614617   206146179   第二样本阅览室/ [索取号:TQ021.4/178] 在馆    
2 0614618   206146188   第三借阅区/ [索取号:TQ021.4/178] 在馆    
3 0614619   206146197   第三借阅区/ [索取号:TQ021.4/178] 在馆    
4 0614620   206146204   第三借阅区/ [索取号:TQ021.4/178] 在馆    
唐山师范学院图书馆 欢迎您!
大连网信软件有限公司© 版权所有